Terrorisme i guerra justa = Terrorism and just war / Michael Walzer ; traducció: Zoraida de Torres Zoraida de Torres
ISBN:
84-9803-101-x
Descripción Física:
60 p. ; 17 cm
Colección:
Breus CCCB
Otros Autores:
Torres Burgos, Zoraida de
MARC
| LEADER | 00000nam a2200000Ia 4500 | ||
|---|---|---|---|
| 001 | 19664 | ||
| 008 | 160829s2006 xx 000 0 cat d | ||
| 020 | |a 84-9803-101-x | ||
| 080 | |a M-5-469 | ||
| 100 | |a Walzer, Michael |9 44750 |e autor | ||
| 245 | |a Terrorisme i guerra justa = Terrorism and just war / Michael Walzer ; traducció: |b Zoraida de Torres | ||
| 260 | |a Barcelona : |b Centre de Cultura Contemporània de Barcelona, |c 2006 | ||
| 300 | |a 60 p. ; |c 17 cm | ||
| 490 | |a Breus CCCB | ||
| 590 | |a Text en català i anglès. | ||
| 590 | |a Aquesta conferència va tenir lloc al CCCB el 3 de juny de 2004 dins del cicle 'En Guerra' | ||
| 650 | |a Terrorisme |x Congressos |9 44751 | ||
| 650 | |a Guerra justa |x Congressos |9 44752 | ||
| 700 | |a Torres Burgos, Zoraida de |e traductor |9 45895 | ||
| 710 | 2 | |a Centre de Cultura Contemporània de Barcelona |9 52510 | |
| 901 | |a Arxiu | ||
| 942 | |n 1 |2 udc | ||
| 952 | |0 0 |1 0 |4 0 |6 M5469 |7 1 |9 52154 |a Arxiu |b Arxiu |d 2016-12-01 |l 0 |o M-5-469 |p 19664 |r 2016-12-01 00:00:00 |w 2016-12-01 |y ARXIU | ||
| 999 | |c 56002 |d 56002 | ||